<?xml version="1.0" encoding="UTF-8"?><?xml-stylesheet type="text/xsl" href="static/style.xsl"?><OAI-PMH xmlns="http://www.openarchives.org/OAI/2.0/" xmlns:xsi="http://www.w3.org/2001/XMLSchema-instance" xsi:schemaLocation="http://www.openarchives.org/OAI/2.0/ http://www.openarchives.org/OAI/2.0/OAI-PMH.xsd"><responseDate>2026-04-13T00:50:34Z</responseDate><request verb="GetRecord" identifier="oai:www.recercat.cat:10459.1/467939" metadataPrefix="marc">https://recercat.cat/oai/request</request><GetRecord><record><header><identifier>oai:recercat.cat:10459.1/467939</identifier><datestamp>2025-09-16T05:05:46Z</datestamp><setSpec>com_2072_3622</setSpec><setSpec>col_2072_478537</setSpec></header><metadata><record xmlns="http://www.loc.gov/MARC21/slim" xmlns:dcterms="http://purl.org/dc/terms/" xmlns:xsi="http://www.w3.org/2001/XMLSchema-instance" xmlns:doc="http://www.lyncode.com/xoai" xsi:schemaLocation="http://www.loc.gov/MARC21/slim http://www.loc.gov/standards/marcxml/schema/MARC21slim.xsd">
   <leader>00925njm 22002777a 4500</leader>
   <datafield ind2=" " ind1=" " tag="042">
      <subfield code="a">dc</subfield>
   </datafield>
   <datafield ind2=" " ind1=" " tag="720">
      <subfield code="a">Domínguez Martínez, Julia Catalina</subfield>
      <subfield code="e">author</subfield>
   </datafield>
   <datafield ind2=" " ind1=" " tag="260">
      <subfield code="c">2024-05</subfield>
   </datafield>
   <datafield ind2=" " ind1=" " tag="520">
      <subfield code="a">Josep Palau i Fabre va expressar sempre una admiració inesgotable per Charles Baudelaire, que considerava un geni i un model literari extraordinari. Al llarg de gairebé setanta anys, Palau va destacar els elements lírics i temàtics de Baudelaire que van contribuir a la formació del seu propi estil i visió artística. Mitjançant la teoria de la transtextualitat de Gérard Genette, aquest treball de recerca analitza com el poeta català va assimilar i reinterpretar les qualitats de l'obra baudelairiana. L’estudi pretén revelar com l’autor de Les fleurs du mal va inspirar i enriquir la creativitat de Palau, influenciant de manera significativa el seu projecte literari, particularment en relació amb l'alquímia poètica.</subfield>
   </datafield>
   <datafield ind2=" " ind1=" " tag="520">
      <subfield code="a">Josep Palau i Fabre expresó siempre una admiración insaciable por Charles Baudelaire, a quien consideraba un genio y un modelo literario extraordinario. A lo largo de casi setenta años, Palau destacó los elementos líricos y temáticos de Baudelaire que contribuyeron a la formación de su propio estilo y visión artística. A través de la teoría de la transtextualidad de Gérard Genette, este trabajo de investigación analiza cómo el poeta catalán asimiló y reinterpretó las cualidades de la obra baudelairiana. El estudio pretende revelar cómo el autor de Les fleurs du mal inspiró y enriqueció la creatividad de Palau, influyendo de manera significativa en su proyecto literario, particularmente en relación con la alquimia poética.</subfield>
   </datafield>
   <datafield ind2=" " ind1=" " tag="520">
      <subfield code="a">Josep Palau i Fabre always expressed an insatiable admiration for Charles Baudelaire, whom he considered a genius and an extraordinary literary model. Over the course of nearly seventy years, Palau highlighted the lyrical and thematic elements of Baudelaire that contributed to the formation of his own style and artistic vision. Using Gérard Genette's theory of transtextuality, this research work analyses how the Catalan poet assimilated and reinterpreted the characteristics of Baudelaire's work. The study aims to reveal how the author of Les fleurs du mal inspired and enriched Palau's creativity, significantly influencing his literary project, especially in relation to the poetic alchemy.</subfield>
   </datafield>
   <datafield tag="653" ind2=" " ind1=" ">
      <subfield code="a">Josep Palau i Fabre</subfield>
   </datafield>
   <datafield tag="653" ind2=" " ind1=" ">
      <subfield code="a">Charles Baudelaire</subfield>
   </datafield>
   <datafield tag="653" ind2=" " ind1=" ">
      <subfield code="a">Transtextualitat</subfield>
   </datafield>
   <datafield tag="653" ind2=" " ind1=" ">
      <subfield code="a">Gérard Genette</subfield>
   </datafield>
   <datafield tag="653" ind2=" " ind1=" ">
      <subfield code="a">Poesia catalana contemporània</subfield>
   </datafield>
   <datafield tag="653" ind2=" " ind1=" ">
      <subfield code="a">Teatre català contemporani</subfield>
   </datafield>
   <datafield tag="653" ind2=" " ind1=" ">
      <subfield code="a">Literatura francesa</subfield>
   </datafield>
   <datafield tag="653" ind2=" " ind1=" ">
      <subfield code="a">Transtextualidad</subfield>
   </datafield>
   <datafield tag="653" ind2=" " ind1=" ">
      <subfield code="a">Poesía catalana contemporánea</subfield>
   </datafield>
   <datafield tag="653" ind2=" " ind1=" ">
      <subfield code="a">Teatro catalán contemporáneo</subfield>
   </datafield>
   <datafield tag="653" ind2=" " ind1=" ">
      <subfield code="a">Literatura francesa</subfield>
   </datafield>
   <datafield tag="653" ind2=" " ind1=" ">
      <subfield code="a">Transtextuality</subfield>
   </datafield>
   <datafield tag="653" ind2=" " ind1=" ">
      <subfield code="a">Contemporary Catalan poetry</subfield>
   </datafield>
   <datafield tag="653" ind2=" " ind1=" ">
      <subfield code="a">Contemporary Catalan theatre</subfield>
   </datafield>
   <datafield tag="653" ind2=" " ind1=" ">
      <subfield code="a">French poetry</subfield>
   </datafield>
   <datafield ind2="0" ind1="0" tag="245">
      <subfield code="a">Baudelaire en Palau i Fabre : estudi de la recepció de l’obra de Charles Baudelaire en Josep Palau i Fabre</subfield>
   </datafield>
</record></metadata></record></GetRecord></OAI-PMH>